Szczegóły MARC21

Kreowanie wizerunku : w biznesie i polityce /

001 -Numer kontrolny rekordu [,]
    • @
    • Numer kontrolny rekordu
    • xx001932664
003 -Nazwa instytucji [,]
    • @
    • Nazwa instytucji, której n kontrolny jest w polu 001
    • NUKAT
005 -DATA I CZAS OSTATNIEJ MODYFIKACJI [,]
    • @
    • pole kontrolne
    • 20241231110215.0
007 -Forma fizyczna dokumentu elektronicznego [,]
    • @
    • Pole danych kontrolnych
    • sd fsngnn|||ed
008 -ELEMENTY DANYCH STAŁEJ DŁUGOŚCI [,]
    • @
    • pole kontrolne
    • 110119s2010 pl nnnng n pol c
028 - [0,1]
    • a
    • Oznaczenie katalogowe
    • P11010402
    • b
    • Nazwa wydawcy
    • Poltext
942 -Rodzaj dokumentu [ , ]
    • c
    • Rodzaj dokumentu
    • Książka
020 -Międzynarodowy znormalizowany numer Książki - ISBN [ , ]
    • a
    • Numer ISBN
    • 9788375610888 Find
040 -Instytucja sporządzająca opis [ , ]
    • a
    • Instytucja, która sporządziła opis (NP)
    • KR U/SM
    • c
    • Instytucja, która sporządziła rekord (NP)
    • KR U/SM
    • d
    • Instytucja, która zmodyfikowała rekord (P)
    • KR U/SMs
100 -Hasło główne - nazwa osobowa [1, ]
    • a
    • Nazwa osobowa (NP)
    • Białopiotrowicz, Grażyna. Find
    • 9
    • KHW
    • 25093
245 -Strefa tytułu i oznaczenia odpowiedzialności [1,0]
    • a
    • Tytuł
    • Kreowanie wizerunku : Find
    • b
    • Ciąg dalszy tytułu (NP)
    • w biznesie i polityce /
    • c
    • Pozostałe elementy strefy tytułu i oznaczenia odpowiedzialności (NP)
    • Grażyna Białopiotrowicz ; muzyka Marek Rusinowski.
260 -Strefa adresu wydawniczego [ , ]
    • a
    • Miejsce wydania (P)
    • Warszawa :
    • b
    • Nazwa wydawcy (P)
    • Wydawnictwo Poltext,
    • c
    • Data wydania (P)
    • cop. 2010.
700 -Hasło dodatkowe - nazwa osobowa [1, ]
    • a
    • Nazwa osobowa (NP)
    • Rusinowski, Marek. Find
    • e
    • Określenie rodzaju współpracy (NP)
    • Kompoz.
    • 9
    • KHW
    • 85070
700 -Hasło dodatkowe - nazwa osobowa [1, ]
    • a
    • Nazwa osobowa (NP)
    • Sajnóg, Anita. Find
    • e
    • Określenie rodzaju współpracy (NP)
    • Lekt.
    • 9
    • KHW
    • 85069
700 -Hasło dodatkowe - nazwa osobowa [1, ]
    • a
    • Nazwa osobowa (NP)
    • Załóg, Ireneusz Find
    • d
    • Daty biograficzne (NP)
    • (1968- ).
    • e
    • Określenie rodzaju współpracy (NP)
    • Lekt.
    • 9
    • KHW
    • 85068
920 -ISBN [ , ]
    • a
    • ISBN
    • 978-83-7561-088-8 Find
300 -Strefa opisu fizycznego [ , ]
    • a
    • Określenie formy książki i/lub objętość (NP)
    • 1 płyta CD (8 godz. 41 min 16 s) :
    • b
    • Oznaczenie ilustracji (NP)
    • digital, stereo ;
    • c
    • Format (NP)
    • 12 cm.
336 -Typ zawartości [ , ]
    • a
    • Termin opisujący typ zawartości
    • Słowo mówione
    • b
    • Kod określający zawartość
    • spw
    • 2
    • Źródło (termin i kod)
    • rdacontent
337 -Typ mediów [ , ]
    • a
    • Tryb odtwarzania
    • Audio
    • b
    • Kod typu mediów
    • s
    • 2
    • Źródło (termin i kod)
    • rdamedia
338 -Typ/rodzaj nośnika [ , ]
    • a
    • Hasło opisujące typ nośnika
    • Płyta audio
    • b
    • Kod typu nośnika
    • sd
    • 2
    • Źródło (termin i kod)
    • rdacarrier
710 -Hasło dodatkowe - nazwa ciała zbiorowego [2, ]
    • a
    • Nazwa ciała zbiorowego lub nazwa geograficzna jako pierwszy element (NP)
    • Wydawnictwo Poltext.
    • 4
    • Określenie rodzaju współpracy (NP)
    • pbl
    • 9
    • KHW
    • 53400
080 -Uniwersalna Klasyfikacja Dziesiętna [ , ]
    • 2
    • Identyfikator wydania tablic
    • UDC-P058
    • 9
    • UKD
    • 2436
    • a
    • Symbol klasyfikacji
    • 159.94:316.47:316.61
    • b
    • Dopowiedzenie
    • Autoprezentacja.
080 -Uniwersalna Klasyfikacja Dziesiętna [ , ]
    • 2
    • Identyfikator wydania tablic
    • UDC-P058
    • 9
    • UKD
    • 2834
    • a
    • Symbol klasyfikacji
    • 316.77
    • b
    • Dopowiedzenie
    • Socjologia komunikowania. Komunikacja społeczna. Wpływ środków masowego przekazu, decydentów, cenzury. Sprzężenie zwrotne komunikowania. Kultura audiowizualna.
080 -Uniwersalna Klasyfikacja Dziesiętna [ , ]
    • 2
    • Identyfikator wydania tablic
    • UDC-P058
    • 9
    • UKD
    • 2425
    • a
    • Symbol klasyfikacji
    • 159.923
    • b
    • Dopowiedzenie
    • Osobowość. Psychologia indywidualna. Cechy charakteru. Temperamenty i ich typologia. Kształtowanie osobowości. Samowiedza. Samopoznanie. Samorealizacja. Samoakceptacja.
080 -Uniwersalna Klasyfikacja Dziesiętna [ , ]
    • 2
    • Identyfikator wydania tablic
    • UDC-P058
    • 9
    • UKD
    • 5658
    • a
    • Symbol klasyfikacji
    • 659.4
    • b
    • Dopowiedzenie
    • Kształtowanie opinii. Public relations.
980 -Symbol UKD [ , ]
    • a
    • UKD
    • 159.94:316.47:316.61:316.77:159.923:659.4
500 -Uwaga ogólna [ , ]
    • a
    • Uwaga ogólna (NP)
    • Tyt. wg pojemnika.
500 -Uwaga ogólna [ , ]
    • a
    • Uwaga ogólna (NP)
    • Na pojemniku: budowanie pozytywnych relacji, profesjonalne zachowanie, zarządzanie emocjami.
538 -Wymagania techniczne [ , ]
    • a
    • Tekst uwagi
    • Format mp3.
650 -Hasło przedmiotowe [ ,7]
    • a
    • Hasło przedmiotowe
    • Autoprezentacja
    • v
    • Określnik formalny
    • poradniki.
    • 9
    • KHW
    • 373746
650 -Hasło przedmiotowe [ ,7]
    • a
    • Hasło przedmiotowe
    • Komunikacja
    • x
    • Określnik rzeczowy
    • aspekt społeczny
    • v
    • Określnik formalny
    • poradniki.
    • 9
    • KHW
    • 373747
650 -Hasło przedmiotowe [ ,7]
    • a
    • Hasło przedmiotowe
    • Samokształcenie
    • v
    • Określnik formalny
    • poradniki.
    • 9
    • KHW
    • 359816
Status udost. Numer inwentarzowy Sposób nabycia Kierowanie Data inwentaryzacji Akcesja Data wprowadzenia opisu Sygnatura Kod kreskowy
-2T.12946daT2013-05-2813da018/92013-04-23T.129462001200129469